Guess the Taylor Swift Song (no hints) 199 - Statistics

General Stats
  • This quiz has been taken 61 times
  • The average score is 372 of 457
Answer Stats
Answer % Correct
I
100%
(I
100%
I,
100%
a
97%
can
94%
me
94%
the
94%
you
94%
you,
94%
You
94%
And
91%
and
91%
be
91%
go
91%
go,
91%
it
91%
My
91%
my
91%
to
91%
what
91%
your
91%
in
88%
(In
88%
In
88%
it's
88%
It's
88%
love
88%
Not
88%
of
88%
of,
88%
see
88%
so
88%
all
85%
All
85%
are
85%
at
85%
but
85%
But
85%
by
85%
I'm
85%
Just
85%
just
85%
Like
85%
like
85%
never
85%
night
85%
now
85%
now,
85%
(Now
85%
that
85%
this
85%
as
82%
been
82%
don't
82%
head)
82%
I'll
82%
There
82%
will
82%
Back
79%
daylight,
79%
daylight
79%
(Daylight),
79%
(Daylight)
79%
daylight),
79%
I've
79%
New
79%
only
79%
think
79%
thought
79%
was
79%
every
76%
look
76%
many
76%
mind)
76%
out
76%
saw
76%
(Things
76%
things
76%
would
76%
away)
74%
dark
74%
down
74%
from
74%
light
74%
long
74%
once
74%
still
74%
tell
74%
wanna
74%
with
74%
forth
71%
good
71%
let
71%
red)
71%
same)
71%
York
71%
anything
68%
bed)
68%
believed
68%
(Black
68%
(Burning
68%
else
68%
golden
68%
(Golden)
68%
gotta
68%
(Intertwined)
68%
looked
68%
our
68%
sleeping
68%
town
68%
truth,
68%
white)
68%
20
65%
cities
65%
crossed
65%
cruel
65%
Everyone
65%
goodbye
65%
lines
65%
lived
65%
Maybe
65%
ran
65%
room
65%
single
65%
trusted
65%
wicked
65%
year
65%
air,
62%
awake)
62%
became
62%
because
62%
brighter
62%
butt
62%
into
62%
joke
62%
middle
62%
stormed
62%
unforgiven
62%
wide
62%
worse
62%
afraid
59%
draw
59%
draws
59%
hate
59%
Luck
59%
refused
59%
settle
59%
smoke
59%
(Sneaking
59%
unlucky
59%
wolves
59%
breathed
56%
morning
56%
step
56%
wounded
56%
daggers
53%
defined
53%
(Ah)
50%
Clearing
50%
cloaks
47%
Threw
47%
haunt
44%
No matching quizzes found
Score Distribution
Percent of People with Each Score
Percentile by Number Answered
Your Score History
You have not taken this quiz